[Event "13th Asia-ch"]
[Site "Al-Ain UAE"]
[Date "2015.08.04"]
[Round "3"]
[White "Sulimani, Yaser"]
[Black "Mamyrbay, Assad"]
[Result "0-1"]
[WhiteElo "1760"]
[BlackElo "2217"]
[EventDate "2015.08.02"]
[PlyCount "64"]

1.d4 Nf6 2.c4 g6 3.Nc3 d5 4.Nf3 Bg7 5.e3 O-O 6.Bd3 c5 7.O-O Nc6 8.Re1 cxd4
9.exd4 Bg4 10.Be3 Rc8 11.h3 Bxf3 12.Qxf3 Nb4 13.Qe2 Nxd3 14.Qxd3 dxc4 15.
Qc2 Nd5 16.a3 Nxc3 17.bxc3 Qd5 18.Qa4 a6 19.Rab1 e5 20.Red1 exd4 21.Bxd4 
Bxd4 22.Rxd4 Qe6 23.Kf1 Rfe8 24.Qd1 b5 25.Rd6 Qe5 26.Kg1 Qxc3 27.Rxa6 Qe5 
28.Ra5 c3 29.Qc2 Qe4 30.Qxe4 Rxe4 31.Raxb5 c2 32.Rc1 Rd4 0-1

[Event "13th Asia-ch"]
[Site "Al-Ain UAE"]
[Date "2015.08.04"]
[Round "3"]
[White "Ayyad, Maher"]
[Black "Bukhari, Mohameed"]
[Result "1-0"]
[WhiteElo "2122"]
[BlackElo "1737"]
[EventDate "2015.08.02"]
[PlyCount "91"]

1.d4 e6 2.Nf3 a6 3.g3 c5 4.Bg2 cxd4 5.Nxd4 e5 6.Nb3 d6 7.O-O Be7 8.c4 Nf6 
9.Nc3 Nc6 10.Bg5 Be6 11.Bxf6 Bxf6 12.Nd5 Bxd5 13.Bxd5 O-O 14.Qd3 Be7 15.
Rfd1 Qc7 16.a3 Rad8 17.Rac1 b6 18.Bxc6 Qxc6 19.Qd5 Rc8 20.Nd2 Bg5 21.e3 
Qxd5 22.cxd5 f5 23.Kg2 f4 24.Ne4 f3+ 25.Kh3 Be7 26.g4 h6 27.Kg3 a5 28.Rc3 
Rxc3 29.bxc3 g6 30.Rb1 Rb8 31.Kxf3 b5 32.Ke2 g5 33.Kd3 Rb6 34.a4 b4 35.Nd2
Bd8 36.Nc4 Ra6 37.cxb4 axb4 38.a5 Bxa5 39.Ra1 b3 40.Rxa5 b2 41.Kc2 Rxa5 
42.Nxa5 b1=Q+ 43.Kxb1 Kf7 44.Kc2 Kf6 45.Kd3 Ke7 46.Ke4 1-0

[Event "13th Asia-ch"]
[Site "Al-Ain UAE"]
[Date "2015.08.05"]
[Round "4"]
[White "Vishnu Prasanna, Vasanthan"]
[Black "Ganguly, Surya Shekhar"]
[Result "1/2-1/2"]
[WhiteElo "2502"]
[BlackElo "2631"]
[EventDate "2015.08.02"]
[PlyCount "85"]

1.Nf3 Nf6 2.c4 e6 3.Nc3 d5 4.d4 Be7 5.Bg5 h6 6.Bh4 O-O 7.e3 b6 8.Be2 Bb7 
9.Bxf6 Bxf6 10.cxd5 exd5 11.O-O Re8 12.Qb3 c6 13.Rfe1 Nd7 14.Rad1 g6 15.e4
Nf8 16.e5 Bg7 17.Bf1 Ne6 18.h4 h5 19.g3 Rc8 20.Bh3 Rc7 21.Ne2 Bc8 22.Kh2 
Bh6 23.Qd3 c5 24.dxc5 Nxc5 25.Qd4 Bxh3 26.Kxh3 Ne4 27.Nc3 Nxc3 28.bxc3 
Qc8+ 29.Kg2 Rc5 30.Qa4 Re7 31.Rd3 Bg7 32.Qd1 Qb7 33.Kg1 b5 34.a4 bxa4 35.
Qxa4 Qc7 36.Qa2 Bxe5 37.Rxe5 Rxe5 38.Nxe5 Qxe5 39.Qxa7 Rxc3 40.Rxc3 Qe1+ 
41.Kg2 Qxc3 42.Qa8+ Kg7 43.Qxd5 1/2-1/2

[Event "13th Asia-ch"]
[Site "Al-Ain UAE"]
[Date "2015.08.05"]
[Round "4"]
[White "Santosh Gujrathi, Vidit"]
[Black "Idani, Pouya"]
[Result "1/2-1/2"]
[WhiteElo "2644"]
[BlackElo "2568"]
[EventDate "2015.08.02"]
[PlyCount "116"]

1.d4 Nf6 2.c4 e6 3.Nf3 b6 4.g3 Bb4+ 5.Nbd2 Bb7 6.Bg2 O-O 7.O-O Be7 8.Qc2 
d5 9.b3 Nbd7 10.Bb2 dxc4 11.Nxc4 Be4 12.Qd2 b5 13.Nce5 Nxe5 14.Nxe5 Bxg2 
15.Kxg2 c5 16.Rfd1 Qd5+ 17.f3 cxd4 18.Qxd4 Qb7 19.e4 Rac8 20.Qf2 h6 21.
Rac1 a6 22.Qe2 Rxc1 23.Rxc1 Rc8 24.Rc2 Nd7 25.Nd3 Rc7 26.Qd2 Qc8 27.Rxc7 
Qxc7 28.Qc3 Qxc3 29.Bxc3 Nb8 30.f4 Nc6 31.e5 h5 32.Kf3 Kf8 33.Ke4 Ke8 34.
h3 g6 35.Be1 Kd7 36.g4 hxg4 37.hxg4 Bf8 38.Bd2 Be7 39.Bc3 Bf8 40.Be1 Be7 
41.Bd2 Bf8 42.Bc3 Be7 43.f5 gxf5+ 44.gxf5 exf5+ 45.Kxf5 a5 46.Ke4 Ba3 47.
Bd2 Ke6 48.Nf4+ Kd7 49.Nd3 Ke6 50.Bc3 Kd7 51.Nf4 a4 52.bxa4 bxa4 53.Nd5 
Ke6 54.Nc7+ Kd7 55.Nd5 Ke6 56.Nb6 Bb4 57.Bxb4 Nxb4 58.a3 Nc2 1/2-1/2

[Event "13th Asia-ch"]
[Site "Al-Ain UAE"]
[Date "2015.08.05"]
[Round "4"]
[White "Wang Chen"]
[Black "Gupta, Abhijeet"]
[Result "1/2-1/2"]
[WhiteElo "2524"]
[BlackElo "2619"]
[EventDate "2015.08.02"]
[PlyCount "31"]

1.e4 e6 2.d4 d5 3.exd5 exd5 4.Nf3 Nc6 5.Be2 Bb4+ 6.Nbd2 Nge7 7.O-O Bg4 8.
c3 Bd6 9.Re1 O-O 10.Nf1 Re8 11.h3 Bh5 12.Bd2 Bg6 13.Qc1 Be4 14.Ng5 Bf5 15.
Ng3 Bg6 16.Bf4 1/2-1/2

[Event "13th Asia-ch"]
[Site "Al-Ain UAE"]
[Date "2015.08.05"]
[Round "4"]
[White "Salem, A. R. Saleh"]
[Black "Lin Chen"]
[Result "0-1"]
[WhiteElo "2595"]
[BlackElo "2494"]
[EventDate "2015.08.02"]
[PlyCount "114"]

1.d4 d5 2.c4 c6 3.Nc3 Nf6 4.e3 a6 5.Qc2 Bg4 6.h3 Bh5 7.Qb3 Ra7 8.cxd5 cxd5
9.Nge2 e6 10.Nf4 Bg6 11.Nxg6 hxg6 12.Bd2 Nc6 13.Rc1 Bd6 14.Bd3 O-O 15.O-O 
Na5 16.Qd1 b5 17.b3 Qb6 18.g4 Ba3 19.Rb1 Nc6 20.Bc1 Bxc1 21.Rxc1 Rc7 22.g5
Nd7 23.Ne2 Rfc8 24.Bb1 Ne7 25.Rxc7 Qxc7 26.Qd2 Qd6 27.Kg2 e5 28.dxe5 Nxe5 
29.Rd1 N5c6 30.Ng3 Qe6 31.h4 Rd8 32.Qe2 Nf5 33.Nxf5 gxf5 34.Qf3 g6 35.Qf4 
d4 36.e4 fxe4 37.Bxe4 Nb4 38.h5 Nd5 39.Qf3 gxh5 40.Bc2 Qe5 41.Qg3 Qxg3+ 
42.Kxg3 Nc3 43.Rd2 Nxa2 44.Kh4 Nb4 45.Be4 d3 46.Kxh5 Rd4 47.f3 a5 48.g6 a4
49.bxa4 bxa4 50.Kg5 a3 51.Kf6 fxg6 52.Rg2 a2 53.Bxg6 Rd6+ 54.Ke7 a1=Q 55.
Bxd3+ Kh8 56.Rh2+ Kg7 57.Rg2+ Kh6 0-1

[Event "13th Asia-ch"]
[Site "Al-Ain UAE"]
[Date "2015.08.05"]
[Round "4"]
[White "Darini, Pouria"]
[Black "Sandipan, Chanda"]
[Result "1-0"]
[WhiteElo "2501"]
[BlackElo "2585"]
[EventDate "2015.08.02"]
[PlyCount "117"]

1.e4 e5 2.Nf3 Nc6 3.Bb5 g6 4.d4 exd4 5.Bg5 Be7 6.Bxe7 Qxe7 7.O-O Nf6 8.e5 
Nh5 9.c3 a6 10.Ba4 d3 11.Bxc6 dxc6 12.Qxd3 O-O 13.Nbd2 Bg4 14.Qe4 Bxf3 15.
Nxf3 Rfe8 16.Rad1 Nf6 17.Qd4 Nd5 18.Rd2 f6 19.Re1 fxe5 20.Rxe5 Qd6 21.c4 
Rxe5 22.Qxe5 Qxe5 23.Nxe5 Re8 24.Nf3 Nf6 25.Kf1 Kf8 26.Re2 Rd8 27.Ke1 h6 
28.h4 Ng4 29.Re4 Nf6 30.Re2 Ng4 31.Rd2 Rd6 32.Ke2 Ke7 33.Rd4 Rxd4 34.Nxd4 
Kd6 35.f3 Ne5 36.b3 b5 37.f4 Ng4 38.Nf3 h5 39.g3 b4 40.Ng5 c5 41.Ne4+ Kc6 
42.Nf2 Nh6 43.Nd3 Nf5 44.Ne5+ Kd6 45.Kf2 Ne7 46.Kf3 a5 47.g4 c6 48.gxh5 
gxh5 49.Ke4 Ke6 50.Nd3 Kf6 51.Nxc5 Nf5 52.Nd7+ Ke6 53.Nc5+ Kf6 54.Nb7 Nxh4
55.Nxa5 c5 56.Nb7 Ng6 57.Nxc5 h4 58.Nd3 h3 59.Nf2 1-0

[Event "13th Asia-ch"]
[Site "Al-Ain UAE"]
[Date "2015.08.05"]
[Round "4"]
[White "Le Quang Liem"]
[Black "Kunte, Abhijit"]
[Result "1-0"]
[WhiteElo "2699"]
[BlackElo "2493"]
[EventDate "2015.08.02"]
[PlyCount "123"]

1.d4 Nf6 2.c4 e6 3.Nc3 Bb4 4.Qc2 d6 5.a3 Bxc3+ 6.Qxc3 O-O 7.Bg5 Nbd7 8.f3 
d5 9.e3 Re8 10.Bd3 h6 11.Bh4 e5 12.Ne2 exd4 13.Qxd4 c5 14.Bxf6 Qxf6 15.
Qxf6 Nxf6 16.Kf2 Be6 17.cxd5 Nxd5 18.e4 Nb6 19.Rac1 Rac8 20.Nf4 c4 21.Be2 
Red8 22.Nxe6 fxe6 23.Ke3 Kf7 24.Rc2 Rc6 25.h4 Rdc8 26.f4 Na4 27.Rhc1 b5 
28.b3 Nb6 29.h5 Ke7 30.Rc3 a5 31.bxc4 b4 32.axb4 axb4 33.R3c2 Na4 34.Ra2 
Nb6 35.Ra7+ Kf8 36.Rd1 b3 37.Rb7 b2 38.c5 Na4 39.Rd4 R6c7 40.c6 Rxb7 41.
cxb7 Rb8 42.Rb4 Nc5 43.Rxb2 Rxb7 44.Rxb7 Nxb7 45.e5 Ke7 46.Kd4 Na5 47.Bc4 
Nb7 48.Bd3 Kd7 49.Be4 Nd8 50.Kc5 Kc7 51.Kb5 Nf7 52.Bg6 Nd8 53.Be8 Nb7 54.
g4 Nd8 55.f5 exf5 56.gxf5 Nb7 57.Bc6 Nd6+ 58.exd6+ Kxd6 59.Be8 Ke5 60.Bg6 
Kd5 61.Kb6 Kd6 62.Bh7 1-0

[Event "13th Asia-ch"]
[Site "Al-Ain UAE"]
[Date "2015.08.05"]
[Round "4"]
[White "Rahman, Ziaur"]
[Black "Nguyen Ngoc Truong Son"]
[Result "1/2-1/2"]
[WhiteElo "2509"]
[BlackElo "2662"]
[EventDate "2015.08.02"]
[PlyCount "39"]

1.Nf3 Nf6 2.g3 g6 3.c4 c6 4.Bg2 Bg7 5.d4 d5 6.cxd5 cxd5 7.Nc3 O-O 8.Ne5 
Bf5 9.O-O Ne4 10.Nxe4 Bxe4 11.Bf4 Bxg2 12.Kxg2 Qb6 13.Qd2 Bxe5 14.dxe5 Qe6
15.Rfc1 Nc6 16.Rc5 Rad8 17.Qc3 d4 18.Qb3 Qxb3 19.axb3 a6 20.Bh6 1/2-1/2

[Event "13th Asia-ch"]
[Site "Al-Ain UAE"]
[Date "2015.08.05"]
[Round "4"]
[White "Utegaliev, Azamat"]
[Black "Sasikiran, Krishnan"]
[Result "1/2-1/2"]
[WhiteElo "2469"]
[BlackElo "2640"]
[EventDate "2015.08.02"]
[PlyCount "104"]

1.e4 e5 2.Nf3 Nc6 3.Nc3 Nf6 4.d4 exd4 5.Nxd4 Bb4 6.Nxc6 bxc6 7.Bd3 d5 8.
exd5 cxd5 9.O-O O-O 10.Bg5 c6 11.Na4 h6 12.Bh4 Re8 13.c3 Bd6 14.Re1 Bg4 
15.Qd2 Be6 16.Bg3 a5 17.a3 Bf8 18.Bh4 g5 19.Bg3 Ne4 20.Qc2 Nxg3 21.hxg3 
Qf6 22.Re3 Bg4 23.Rae1 Rxe3 24.Rxe3 c5 25.b3 Rb8 26.Re1 Bd7 27.Re3 g4 28.
Qd1 h5 29.Bc2 d4 30.cxd4 cxd4 31.Re4 Bf5 32.Rf4 Bxc2 33.Qxc2 Qg6 34.Qc4 
Qe6 35.Rxd4 Rxb3 36.Rd5 Rb1+ 37.Kh2 Be7 38.Nc3 Rc1 39.Qe4 Rxc3 40.Re5 Qg6 
41.Rxe7 Qxe4 42.Rxe4 Rxa3 43.Re5 Kg7 44.Rxh5 Kg6 45.Rb5 Ra2 46.Kg1 a4 47.
Rb4 Kg5 48.f3 gxf3 49.gxf3 a3 50.Ra4 Kf6 51.Ra5 Ke6 52.g4 f6 1/2-1/2

[Event "13th Asia-ch"]
[Site "Al-Ain UAE"]
[Date "2015.08.05"]
[Round "4"]
[White "Ghaem Maghami, Ehsan"]
[Black "Xu Yinglun"]
[Result "1/2-1/2"]
[WhiteElo "2609"]
[BlackElo "2463"]
[EventDate "2015.08.02"]
[PlyCount "80"]

1.c4 e6 2.Nf3 d5 3.g3 Nf6 4.Bg2 Be7 5.d4 c6 6.Qc2 Nbd7 7.Nbd2 b6 8.e4 O-O 
9.e5 Ne8 10.h4 h6 11.O-O Ba6 12.Re1 Rc8 13.b3 c5 14.dxc5 Bxc5 15.Qd1 Nc7 
16.a3 dxc4 17.Nxc4 Nb8 18.Nd6 Bxd6 19.exd6 Nd5 20.Bb2 Rc6 21.Qd4 Qf6 22.
Qd2 Qd8 23.Qd4 Qf6 24.Qd2 Qd8 25.a4 Nd7 26.Qd4 Qf6 27.Qd2 Qd8 28.Qd4 Qf6 
29.Qxf6 N5xf6 30.Ba3 Rc3 31.Nd4 e5 32.Nc6 e4 33.Nxa7 Ra8 34.Nb5 Bxb5 35.
axb5 Rxb3 36.Bb2 Rxa1 37.Bxa1 Rd3 38.Bxf6 Nxf6 39.Bxe4 Nxe4 40.Rxe4 Rxd6 
1/2-1/2

[Event "13th Asia-ch"]
[Site "Al-Ain UAE"]
[Date "2015.08.05"]
[Round "4"]
[White "Tabatabaei, Mohammadamin"]
[Black "Zhou Jianchao"]
[Result "1/2-1/2"]
[WhiteElo "2458"]
[BlackElo "2600"]
[EventDate "2015.08.02"]
[PlyCount "63"]

1.e4 c5 2.Nf3 e6 3.d4 cxd4 4.Nxd4 Nc6 5.Nc3 a6 6.Be2 Qc7 7.O-O Nf6 8.Be3 
Be7 9.f4 d6 10.Kh1 O-O 11.Qe1 Nxd4 12.Bxd4 b5 13.a3 Bb7 14.Bf3 e5 15.Be3 
exf4 16.Bxf4 Nd7 17.Nd5 Bxd5 18.exd5 Bf6 19.c3 Be5 20.Be3 Rae8 21.Qf2 Qc4 
22.a4 bxa4 23.Bd1 Nf6 24.Rxa4 Qxd5 25.Bf3 Qe6 26.Bg5 h6 27.Bxf6 Qxf6 28.
Rxa6 Re7 29.g3 g6 30.Bd5 Qxf2 31.Rxf2 Rb8 32.Kg2 1/2-1/2

[Event "13th Asia-ch"]
[Site "Al-Ain UAE"]
[Date "2015.08.05"]
[Round "4"]
[White "Kostenko, Petr"]
[Black "Sengupta, Deep"]
[Result "0-1"]
[WhiteElo "2431"]
[BlackElo "2594"]
[EventDate "2015.08.02"]
[PlyCount "90"]

1.e4 e6 2.d4 d5 3.Nc3 Bb4 4.e5 c5 5.a3 Bxc3+ 6.bxc3 Qc7 7.Qg4 Ne7 8.Bd3 
Qa5 9.Bd2 c4 10.Be2 Rg8 11.Nf3 Nbc6 12.O-O Bd7 13.Rfb1 Qc7 14.Qh5 h6 15.
Ne1 Rf8 16.Bg4 O-O-O 17.Nf3 Kb8 18.Bh3 Ka8 19.a4 Bc8 20.Qg4 Rg8 21.Ne1 Bd7
22.Qe2 Nc8 23.Bc1 Rde8 24.Qf3 Ref8 25.Ba3 N6e7 26.Qg3 Qd8 27.a5 f5 28.exf6
gxf6 29.Qe3 e5 30.Bxd7 Qxd7 31.dxe5 fxe5 32.Qxe5 Ng6 33.Qd4 Nf4 34.Kf1 Rf5
35.a6 b6 36.Bc1 Ne6 37.Qe3 Nd6 38.Qh3 Qf7 39.Qe3 Ne4 40.f3 N6g5 41.Rb5 Qh5
42.Rxb6 Nxf3 43.Nxf3 axb6 44.Qxb6 Rxf3+ 45.Ke1 Rf1+ 0-1

[Event "13th Asia-ch"]
[Site "Al-Ain UAE"]
[Date "2015.08.05"]
[Round "4"]
[White "Lalith Babu, Musunuri Rohit"]
[Black "Hossain, Enamul"]
[Result "1-0"]
[WhiteElo "2570"]
[BlackElo "2436"]
[EventDate "2015.08.02"]
[PlyCount "57"]

1.d4 Nf6 2.c4 e6 3.Nf3 b6 4.a3 Ba6 5.Qc2 Bb7 6.Nc3 c5 7.e4 cxd4 8.Nxd4 d6 
9.Bg5 Nbd7 10.Rd1 a6 11.Be2 Be7 12.f4 h6 13.Bh4 Qc7 14.O-O Rc8 15.Kh1 Qb8 
16.e5 dxe5 17.Nxe6 fxe6 18.Qg6+ Kd8 19.Rxd7+ Kxd7 20.fxe5 Rcf8 21.Rd1+ Kc8
22.exf6 gxf6 23.Bg4 Qe5 24.Bg3 Rhg8 25.Qh7 Rxg4 26.Qxe7 Rfg8 27.Bxe5 fxe5 
28.Qxe6+ Kb8 29.Nd5 1-0

[Event "13th Asia-ch"]
[Site "Al-Ain UAE"]
[Date "2015.08.05"]
[Round "4"]
[White "Chu Wei Chao"]
[Black "Gao Rui"]
[Result "0-1"]
[WhiteElo "2318"]
[BlackElo "2528"]
[EventDate "2015.08.02"]
[PlyCount "62"]

1.d4 Nf6 2.c4 g6 3.Nc3 d5 4.cxd5 Nxd5 5.e4 Nxc3 6.bxc3 Bg7 7.Bc4 c5 8.Ne2 
Nc6 9.Be3 O-O 10.O-O Na5 11.Bd3 b6 12.Qd2 e5 13.Bh6 exd4 14.cxd4 cxd4 15.
Bxg7 Kxg7 16.f4 f6 17.f5 Nc6 18.Bb5 Ne5 19.Nxd4 gxf5 20.exf5 Kh8 21.Rf2 
Bb7 22.Qf4 Rg8 23.Ne6 Qd5 24.Bf1 Nd3 25.Qh6 Qe5 26.Bxd3 Qxa1+ 27.Bf1 Rac8 
28.Nf4 Rg7 29.Re2 Ba6 30.Ng6+ Kg8 31.Qe3 Bxe2 0-1

[Event "13th Asia-ch"]
[Site "Al-Ain UAE"]
[Date "2015.08.05"]
[Round "4"]
[White "Vakhidov, Jahongir"]
[Black "Lou Yiping"]
[Result "1-0"]
[WhiteElo "2525"]
[BlackElo "2454"]
[EventDate "2015.08.02"]
[PlyCount "81"]

1.c4 c5 2.g3 g6 3.Bg2 Bg7 4.Nc3 Nc6 5.Nf3 e6 6.d3 Nge7 7.Bg5 h6 8.Bd2 d5 
9.O-O O-O 10.Rb1 b6 11.a3 a5 12.Qc1 Kh7 13.Qc2 d4 14.Na4 Bd7 15.e3 Ra6 16.
e4 f5 17.exf5 Nxf5 18.Rbe1 e5 19.Bc1 Qc7 20.b3 Raa8 21.Nd2 Rae8 22.Ne4 Nd8
23.b4 cxb4 24.axb4 axb4 25.Bd2 b5 26.Nac5 bxc4 27.Qxc4 Bc6 28.Bxb4 Rf7 29.
Rc1 Bxe4 30.Bxe4 Nd6 31.Qb3 Qb8 32.Bd5 Ra7 33.Ra1 Bf8 34.Ne4 Rxa1 35.Nf6+ 
Kh8 36.Rxa1 Re7 37.Ra6 N8f7 38.Bxd6 Qxb3 39.Bxb3 Nxd6 40.Rxd6 Rb7 41.Rd7 
1-0

[Event "13th Asia-ch"]
[Site "Al-Ain UAE"]
[Date "2015.08.05"]
[Round "4"]
[White "Khusnutdinov, Rustam"]
[Black "Al-Attar, Rakan"]
[Result "1-0"]
[WhiteElo "2510"]
[BlackElo "2012"]
[EventDate "2015.08.02"]
[PlyCount "59"]

1.e4 d6 2.d4 g6 3.Nc3 Bg7 4.Be3 Nf6 5.Qd2 Nbd7 6.Bh6 O-O 7.O-O-O Bxh6 8.
Qxh6 c5 9.Nf3 cxd4 10.Nxd4 Qa5 11.h4 Qh5 12.Qd2 Nc5 13.f3 Ne6 14.g4 Qe5 
15.Nde2 Qa5 16.Kb1 Kh8 17.Ng3 Nc7 18.g5 Nd7 19.h5 Ne5 20.f4 Nc6 21.Qh2 Rg8
22.hxg6 Rg7 23.Nh5 Rxg6 24.f5 Rxg5 25.Nf6 h5 26.Nxh5 Qe5 27.Qh4 Rxh5 28.
Qxh5+ Kg8 29.Bc4 e6 30.Qh6 1-0

[Event "13th Asia-ch"]
[Site "Al-Ain UAE"]
[Date "2015.08.05"]
[Round "4"]
[White "Yuan Qingyu"]
[Black "Harika, Dronavalli"]
[Result "1/2-1/2"]
[WhiteElo "2359"]
[BlackElo "2509"]
[EventDate "2015.08.02"]
[PlyCount "30"]

1.c4 Nf6 2.Nc3 c5 3.g3 Nc6 4.Bg2 g6 5.Nf3 d5 6.cxd5 Nxd5 7.d3 Bg7 8.Nxd5 
Qxd5 9.O-O O-O 10.Be3 Bd7 11.Nd4 Qd6 12.Nxc6 Bxc6 13.Bxc6 Qxc6 14.Rc1 Qa6 
15.Bxc5 Bxb2 1/2-1/2

[Event "13th Asia-ch"]
[Site "Al-Ain UAE"]
[Date "2015.08.05"]
[Round "4"]
[White "Humpy, Koneru"]
[Black "Karthikeyan, Pandian"]
[Result "1-0"]
[WhiteElo "2585"]
[BlackElo "2426"]
[EventDate "2015.08.02"]
[PlyCount "63"]

1.d4 Nf6 2.c4 g6 3.f3 d5 4.cxd5 Nxd5 5.e4 Nb6 6.Nc3 Bg7 7.Be3 O-O 8.Qd2 e5
9.d5 c6 10.h4 cxd5 11.exd5 N8d7 12.h5 Nf6 13.hxg6 fxg6 14.O-O-O Bd7 15.Kb1
Rc8 16.Nh3 e4 17.Nf4 exf3 18.gxf3 Bf5+ 19.Bd3 Nc4 20.Qe2 Nxe3 21.Qxe3 Re8 
22.Qd2 Qd7 23.Ka1 a6 24.a3 b5 25.Bxf5 Qxf5 26.Ne6 Bh8 27.Rhe1 Nd7 28.Ne4 
Nb6 29.Nd6 Qf6 30.Nxe8 Rxe8 31.Nd4 Rd8 32.Qe2 1-0

[Event "13th Asia-ch"]
[Site "Al-Ain UAE"]
[Date "2015.08.05"]
[Round "4"]
[White "Sethuraman, Panayapan"]
[Black "Wang Yiye"]
[Result "1-0"]
[WhiteElo "2635"]
[BlackElo "2439"]
[EventDate "2015.08.02"]
[PlyCount "65"]

1.g3 Nf6 2.Bg2 d5 3.Nf3 c6 4.O-O Bg4 5.d3 Nbd7 6.Nbd2 e5 7.e4 Bc5 8.exd5 
Nxd5 9.h3 Bxf3 10.Nxf3 O-O 11.c3 a5 12.a4 Re8 13.Qc2 Bf8 14.Re1 g6 15.Bd2 
Bg7 16.Re2 Nc7 17.Rae1 Ne6 18.h4 Ndc5 19.d4 exd4 20.cxd4 Nd7 21.Ng5 Ndf8 
22.Qb3 Qxd4 23.Qxb7 Nxg5 24.Rxe8 Rxe8 25.Rxe8 Qxd2 26.hxg5 Bd4 27.Qe7 
Qxf2+ 28.Kh2 Bg7 29.b4 axb4 30.Qxb4 c5 31.Qf4 Qa2 32.Kh3 Bd4 33.Qd6 1-0

[Event "13th Asia-ch"]
[Site "Al-Ain UAE"]
[Date "2015.08.05"]
[Round "4"]
[White "Zhang Zhong"]
[Black "Nezad, Husein Aziz"]
[Result "1/2-1/2"]
[WhiteElo "2628"]
[BlackElo "2404"]
[EventDate "2015.08.02"]
[PlyCount "173"]

1.c4 c6 2.e4 d5 3.exd5 cxd5 4.d4 Nf6 5.Nc3 g6 6.Qb3 Bg7 7.cxd5 O-O 8.Be2 
Nbd7 9.Bf3 Nb6 10.a4 a5 11.Bf4 Bf5 12.Rd1 Rc8 13.Nge2 Rc4 14.Qa2 Rb4 15.b3
Nbxd5 16.Bd2 Qd7 17.Nxd5 Nxd5 18.Bxd5 Qxd5 19.Bxb4 axb4 20.O-O Bh6 21.Ng3 
Be6 22.Rd3 Rc8 23.Qb2 Bf4 24.Ne2 Bh6 25.Ng3 Bf4 26.Rf3 Bh6 27.Re1 Bg7 28.
Rd3 h5 29.Nf1 Kh7 30.Qd2 Qd6 31.Ne3 Bh6 32.Qe2 Rc3 33.d5 Rxd3 34.Qxd3 Bxe3
35.Rxe3 Bxd5 36.h3 Qc5 37.Qd2 e6 38.Qb2 Kg8 39.Qd2 Kh7 40.h4 Kg8 41.Qb2 
Qc7 42.Rd3 Qc5 43.Qd2 Kg7 44.Qf4 Qc2 45.Qe3 Kg8 46.Kh2 Kh7 47.Rd4 Qc3 48.
Qf4 Kg8 49.a5 Kg7 50.Qe5+ Kg8 51.Qe3 Qc7+ 52.Qf4 Qc3 53.Rxb4 e5 54.Rc4 
Bxc4 55.Qxc4 Qxa5 56.Qc8+ Kg7 57.Qxb7 Qc5 58.Qf3 Qd4 59.g3 Qd2 60.Kg2 Qd4 
61.Qc6 e4 62.Qc1 Kg8 63.Qc4 Qb2 64.Kf1 Qd2 65.Qe2 Qc1+ 66.Kg2 Qb1 67.Qc4 
Qb2 68.Kf1 Qd2 69.Qe2 Qc1+ 70.Kg2 Qb1 71.Qe3 Qb2 72.Qb6 Kg7 73.Kg1 Qb1+ 
74.Kh2 Qb2 75.Kg2 Kh7 76.Kf1 Qb1+ 77.Ke2 Qd3+ 78.Ke1 Qb1+ 79.Kd2 Qb2+ 80.
Ke3 Qc2 81.Qb5 f5 82.Qc4 Qd1 83.Qf7+ Kh6 84.Qf8+ Kh7 85.Qe7+ Kh6 86.Qf8+ 
Kh7 87.Qf7+ 1/2-1/2

[Event "13th Asia-ch"]
[Site "Al-Ain UAE"]
[Date "2015.08.05"]
[Round "4"]
[White "Gopal, Geetha Narayanan"]
[Black "Rathnakaran, Kantholi"]
[Result "1/2-1/2"]
[WhiteElo "2562"]
[BlackElo "2417"]
[EventDate "2015.08.02"]
[PlyCount "89"]

1.e4 e6 2.d4 d5 3.Nc3 Nf6 4.e5 Nfd7 5.f4 c5 6.Nf3 Be7 7.Be3 b6 8.Be2 O-O 
9.O-O Ba6 10.Kh1 Bxe2 11.Nxe2 Nc6 12.c3 f5 13.c4 Ndb8 14.cxd5 exd5 15.b3 
Na6 16.Rc1 Rc8 17.Qd2 Qd7 18.Rfd1 Rfd8 19.Bf2 Qe6 20.h3 Qf7 21.Ng3 cxd4 
22.Nxd4 Nxd4 23.Rxc8 Rxc8 24.Bxd4 g6 25.Ne2 Rd8 26.Rc1 Ba3 27.Rb1 Qe7 28.
Bc3 Bb4 29.Nd4 Rc8 30.Nb5 Qc5 31.Bxb4 Nxb4 32.Nd4 Nxa2 33.Ra1 Nc3 34.Rxa7 
Ne4 35.Qe3 Ng3+ 36.Qxg3 Qxd4 37.Qe1 Qxf4 38.Ra1 Re8 39.e6 Qe4 40.Qd2 Rxe6 
41.Ra8+ Kg7 42.Ra7+ Kg8 43.Qh6 Qe1+ 44.Kh2 Qe5+ 45.Kh1 1/2-1/2

[Event "13th Asia-ch"]
[Site "Al-Ain UAE"]
[Date "2015.08.05"]
[Round "4"]
[White "Maghsoodloo, Parham"]
[Black "Nguyen Djuc Hoa"]
[Result "0-1"]
[WhiteElo "2416"]
[BlackElo "2500"]
[EventDate "2015.08.02"]
[PlyCount "76"]

1.e4 c5 2.Nf3 d6 3.d4 cxd4 4.Nxd4 Nf6 5.Nc3 Nc6 6.Bg5 Bd7 7.Be2 e6 8.Ndb5 
Qb8 9.Bf4 Ne5 10.Bg3 a6 11.Nd4 Qc7 12.O-O Be7 13.Kh1 Rc8 14.f4 Nc4 15.Bxc4
Qxc4 16.e5 Nd5 17.Nxd5 Qxd5 18.c3 dxe5 19.fxe5 Bc6 20.Rf2 O-O 21.Qf1 Bg5 
22.Rd1 Rcd8 23.h4 Be3 24.Rf3 Bb5 25.Qe1 Bxd4 26.cxd4 Rc8 27.Rd2 Rc4 28.Qe3
Rc1+ 29.Kh2 Qxa2 30.d5 Qb1 31.Bf2 Rh1+ 32.Kg3 exd5 33.Rd4 Bd7 34.Qd3 Qxb2 
35.Rxd5 Be6 36.Bc5 Bxd5 37.Qxd5 Rd1 38.Qe4 Rd2 0-1

[Event "13th Asia-ch"]
[Site "Al-Ain UAE"]
[Date "2015.08.05"]
[Round "4"]
[White "Nguyen Huynh Minh Huy"]
[Black "Saiyn, Zhanat"]
[Result "1/2-1/2"]
[WhiteElo "2496"]
[BlackElo "2404"]
[EventDate "2015.08.02"]
[PlyCount "45"]

1.d4 Nf6 2.c4 e6 3.Nf3 d5 4.Nc3 Bb4 5.Bg5 h6 6.Bxf6 Qxf6 7.e3 c5 8.Rc1 
dxc4 9.dxc5 O-O 10.Bxc4 Bxc5 11.O-O Rd8 12.Qc2 Bf8 13.Nd4 Bd7 14.Bb5 Na6 
15.a3 Bxb5 16.Ndxb5 Nc5 17.b4 Nd3 18.Rcd1 Qg6 19.Qb3 a6 20.Nd4 e5 21.Nde2 
a5 22.bxa5 Rxa5 23.Qxb7 1/2-1/2

[Event "13th Asia-ch"]
[Site "Al-Ain UAE"]
[Date "2015.08.05"]
[Round "4"]
[White "Dzhumaev, Marat"]
[Black "Nitin, Senthilvel"]
[Result "1/2-1/2"]
[WhiteElo "2493"]
[BlackElo "2404"]
[EventDate "2015.08.02"]
[PlyCount "81"]

1.e4 c5 2.Nc3 a6 3.Nf3 d6 4.d4 cxd4 5.Nxd4 Nf6 6.f4 g6 7.Nf3 Bg7 8.e5 dxe5
9.Qxd8+ Kxd8 10.fxe5 Nfd7 11.Ng5 Nxe5 12.Bf4 Nbc6 13.O-O-O+ Ke8 14.Nd5 Kf8
15.Nb6 Rb8 16.Be2 Bf6 17.Ne4 Kg7 18.g4 Bxg4 19.Bxg4 Nxg4 20.Bxb8 Rxb8 21.
Nxf6 exf6 22.Rd7 f5 23.Rc7 Ne3 24.Nd7 Re8 25.Nc5 f4 26.Nd3 f3 27.Re1 Nd4 
28.Nf2 b5 29.b3 b4 30.Kd2 Ne2 31.Rd7 Ng2 32.Rf1 Nc3 33.Nd3 Re2+ 34.Kc1 Ne3
35.Rf2 Nxa2+ 36.Kb1 Nc3+ 37.Kc1 Na2+ 38.Kb1 Nc3+ 39.Kc1 Na2+ 40.Kb1 Nc3+ 
41.Kc1 1/2-1/2

[Event "13th Asia-ch"]
[Site "Al-Ain UAE"]
[Date "2015.08.05"]
[Round "4"]
[White "Gundavaa, Bayarsaihan"]
[Black "Abdyjapar, Asyl"]
[Result "1-0"]
[WhiteElo "2492"]
[BlackElo "2392"]
[EventDate "2015.08.02"]
[PlyCount "91"]

1.e4 c5 2.Nf3 d6 3.Bb5+ Bd7 4.c4 Nc6 5.Nc3 e5 6.d3 h6 7.h3 Nf6 8.O-O Be7 
9.Nd5 O-O 10.a3 Nxd5 11.exd5 Nb8 12.Bxd7 Nxd7 13.b4 Qc7 14.Re1 Rfe8 15.Rb1
a6 16.Be3 Rab8 17.Re2 b5 18.Rc2 bxc4 19.dxc4 Rb7 20.bxc5 Rxb1 21.Qxb1 Nxc5
22.Rb2 e4 23.Nd4 Nd3 24.Rb7 Qxc4 25.Rb8 Rxb8 26.Qxb8+ Kh7 27.Qe8 Bg5 28.
Qxf7 Bf6 29.Qe6 Nc5 30.Qf5+ Kh8 31.Nc6 Qc3 32.Qf4 Qxa3 33.Qxd6 Qa1+ 34.Kh2
Nd3 35.Qe6 Qa4 36.Qc8+ Kh7 37.d6 Ne5 38.Qf5+ Ng6 39.Qd5 Qb5 40.Qxb5 axb5 
41.d7 Ne5 42.d8=Q Bxd8 43.Nxe5 Bc7 44.Bd4 b4 45.Kg1 b3 46.Nc4 1-0

[Event "13th Asia-ch"]
[Site "Al-Ain UAE"]
[Date "2015.08.05"]
[Round "4"]
[White "Batchuluun, Cegmed"]
[Black "Liu Chang"]
[Result "0-1"]
[WhiteElo "2485"]
[BlackElo "2353"]
[EventDate "2015.08.02"]
[PlyCount "100"]

1.d4 d6 2.Nf3 g6 3.c4 Nf6 4.Nc3 Bg7 5.e4 O-O 6.Be2 c5 7.d5 e6 8.O-O exd5 
9.exd5 Bg4 10.h3 Bxf3 11.Bxf3 Nbd7 12.Bf4 Ne8 13.Qd2 Ne5 14.Be2 f5 15.Be3 
Nc7 16.f4 Nd7 17.Rae1 Re8 18.Bf2 Nf6 19.Bd3 Qd7 20.a3 Rxe1 21.Rxe1 Re8 22.
b4 Rxe1+ 23.Qxe1 b6 24.bxc5 dxc5 25.g3 Nfe8 26.Kg2 Nd6 27.Qd2 Nce8 28.Qc2 
Nf6 29.a4 a5 30.Be3 Nfe8 31.Nd1 Nc7 32.Qb3 Nc8 33.Nf2 Na6 34.Bc2 Nb4 35.
Qb1 Qe7 36.Kf3 Bd4 37.Nd1 Nd6 38.Bd3 Qe8 39.g4 Qxa4 40.gxf5 Nxd3 41.Qxd3 
Nxf5 42.Bxd4 Nxd4+ 43.Kg3 Qe8 44.Kf2 Qe7 45.Nb2 Nf5 46.Na4 Qh4+ 47.Ke2 
Qxf4 48.Nxb6 Qe5+ 49.Kf3 Nh4+ 50.Kg4 h5+ 0-1

[Event "13th Asia-ch"]
[Site "Al-Ain UAE"]
[Date "2015.08.05"]
[Round "4"]
[White "Narayanan, Sunilduth Lyna"]
[Black "Li Di"]
[Result "1-0"]
[WhiteElo "2481"]
[BlackElo "2384"]
[EventDate "2015.08.02"]
[PlyCount "91"]

1.d4 Nf6 2.c4 e6 3.Nf3 c5 4.d5 exd5 5.cxd5 Bd6 6.Nc3 O-O 7.Bg5 Re8 8.e3 h6
9.Bh4 Bc7 10.d6 Ba5 11.Bd3 b6 12.O-O Bxc3 13.bxc3 Bb7 14.e4 Nc6 15.Qd2 Re6
16.Rae1 Qe8 17.e5 Ng4 18.Bf5 Ngxe5 19.Nxe5 Nxe5 20.Bxe6 Qxe6 21.Bg3 Nc4 
22.Qd3 Qd5 23.Qxd5 Bxd5 24.Re2 Be6 25.Rd1 Kf8 26.h3 Rc8 27.Bh4 g5 28.Bg3 
b5 29.f4 a5 30.Bf2 gxf4 31.Re4 Nb2 32.Rd2 Na4 33.Re5 f6 34.Re4 f5 35.Rxe6 
dxe6 36.d7 Rd8 37.Bh4 Rxd7 38.Rxd7 Nxc3 39.Ra7 a4 40.Be7+ Ke8 41.Bxc5 Nxa2
42.Rb7 Nc3 43.Bb4 Ne2+ 44.Kf2 Nc1 45.Rxb5 Kd7 46.Ba3 1-0

[Event "13th Asia-ch"]
[Site "Al-Ain UAE"]
[Date "2015.08.05"]
[Round "4"]
[White "Shrestha, Keshav"]
[Black "Al-Rakib, Abdullah"]
[Result "1/2-1/2"]
[WhiteElo "2118"]
[BlackElo "2473"]
[EventDate "2015.08.02"]
[PlyCount "43"]

1.e4 d5 2.exd5 Qxd5 3.Nc3 Qd6 4.d4 Nf6 5.Bc4 c6 6.Nge2 g6 7.Bf4 Qd8 8.Bb3 
Nbd7 9.Qd2 Nb6 10.Bh6 Bxh6 11.Qxh6 a5 12.a4 Nbd5 13.Nxd5 cxd5 14.h4 Qd6 
15.O-O-O Bd7 16.f3 O-O-O 17.Qd2 Qc7 18.Nf4 Bc6 19.Nd3 Kb8 20.Ne5 Be8 21.
Rhe1 e6 22.Re3 1/2-1/2